000 00340nam a22001337a 4500
008 220209b ||||| |||| 00| 0 eng d
020 _a9789381905289
050 _a230
_b1
100 _aGeorge Jim
_97545
245 _aA Young Man's Guide Making Rights Choices
260 _aTelangana
_bGS Books
_c2012
300 _a190.P
942 _2ddc
_cBK
999 _c11985
_d11985